| 000 | 02193cam a22005414i 4500 | ||
|---|---|---|---|
| 003 | PE-LiUPU | ||
| 005 | 20250731180116.0 | ||
| 008 | 160824s2011 pe a r 000 0 spa d | ||
| 020 | _a9786123025410 | ||
| 035 | _a(Sirsi) a249039 | ||
| 040 |
_aPE-LiUPU _bspa _cPE-LiUPU _erda |
||
| 049 | _aPRUA | ||
| 082 | 0 | 4 |
_a531.11076 _bD7 _221 |
| 245 |
_aDinámica : _bSolucionario / _c[responsable de edición, Álex Cubas Suárez]. |
||
| 250 | _aPrimera edición. | ||
| 264 | 1 |
_aLima : _bSan Marcos ; _c2011 |
|
| 300 |
_a520 páginas ; _bilustraciones ; _c24 centímetros |
||
| 336 |
_atext _2rdacontent |
||
| 337 |
_aunmediated _2rdamedia |
||
| 338 |
_avolume _2rdacarrier |
||
| 505 | 0 | _aIntroducción a al dinámica -- Cinématica del punto -- Cinética del punto material -- Cinética de los sistemas de puntos materiales -- Cinemética plana de los cuerpos rígidos -- Cínetica plana de los cuerpos rígidos -- Introducción a la dinámica de los cuerpos rígidos -- Vibración y respuestas en el tiempo -- Momentos de inercia de una superficie. | |
| 526 | _aSEG44 | ||
| 526 | _aSEG26 | ||
| 526 | _aP159 | ||
| 526 | _aP155 | ||
| 526 | _aP154 | ||
| 526 | _aP153 | ||
| 526 | _aP150 | ||
| 526 | _aP100 | ||
| 526 | _aP31 | ||
| 526 | _aP30 | ||
| 526 | _aP26 | ||
| 526 | _aP25 | ||
| 526 | _aP24 | ||
| 526 | _aP22 | ||
| 526 | _aP15 | ||
| 526 | _aP10 | ||
| 541 | _g001-0000119; | ||
| 650 | 1 | 8 |
_aDinámica _v-Problemas, ejercicios, etc |
| 650 | 1 | 8 |
_aDynamics _v-Problems, exercises, etc |
| 700 | 1 |
_aCubas Suárez, Alex, _eeditor. |
|
| 910 |
_adbm _bncf _cncf _d20180625 |
||
| 942 |
_2ddc _cBOOK |
||
| 994 |
_aC0 _bPEPRU |
||
| 596 | _a1 | ||
| 999 |
_a531.11076 D7 _wLC _c28635 _i78590 _d28635 _e2018-10-9 _f2021-11-9 _g4 _lCCODEBUL1 _mBUL _n2 _p7.27 _q1 _r0 _sY _tBOOK _u2018-6-25 _xINGENIERIA _PP25 _0COMPRA _1FCOMPRA _o.STAFF. Colección Ingeniería y Arquitectura |
||
| 999 |
_a531.11076 D7 _wLC _c2 _i78591 _d2019-9-30 _e2019-9-26 _f2021-11-9 _g4 _lCCODEBUL1 _mBUL _n5 _p7.27 _r0 _sY _tBOOK _u2018-6-25 _xINGENIERIA _PP25 _0COMPRA _1FCOMPRA _o.STAFF. Colección Ingeniería y Arquitectura |
||
| 980 |
_81 _gALBERTO SANCHEZ Responsable de Automatización |
||